<?xml version="1.0" encoding="UTF-8"?>
<record
    xmlns:xsi="http://www.w3.org/2001/XMLSchema-instance"
    xsi:schemaLocation="http://www.loc.gov/MARC21/slim http://www.loc.gov/standards/marcxml/schema/MARC21slim.xsd"
    xmlns="http://www.loc.gov/MARC21/slim">

  <leader>00979nam a22002297a 4500</leader>
  <controlfield tag="005">20210206151701.0</controlfield>
  <controlfield tag="008">210205s2016    ck abdogr|||| 00| 0 spa d</controlfield>
  <datafield tag="040" ind1=" " ind2=" ">
    <subfield code="a">CO-JMCR</subfield>
    <subfield code="c">CO-JMCR</subfield>
  </datafield>
  <datafield tag="041" ind1="0" ind2=" ">
    <subfield code="a">spa</subfield>
  </datafield>
  <datafield tag="082" ind1="0" ind2="4">
    <subfield code="a">303.4 / </subfield>
    <subfield code="b">C822s</subfield>
    <subfield code="2">21</subfield>
  </datafield>
  <datafield tag="110" ind1="2" ind2=" ">
    <subfield code="a">Corporaci&#xF3;n Manos Visibles (Bogot&#xE1;, Colombia)</subfield>
    <subfield code="9">13084</subfield>
  </datafield>
  <datafield tag="245" ind1="1" ind2="0">
    <subfield code="a">Siete a&#xF1;os que transforman / </subfield>
    <subfield code="c">Corporaci&#xF3;n Manos Visibles</subfield>
  </datafield>
  <datafield tag="260" ind1=" " ind2=" ">
    <subfield code="a">Bogot&#xE1; : </subfield>
    <subfield code="b">manos Visibles, </subfield>
    <subfield code="c">2016</subfield>
  </datafield>
  <datafield tag="300" ind1=" " ind2=" ">
    <subfield code="a">60 p&#xE1;ginas : </subfield>
    <subfield code="b">ilustraciones, fotograf&#xED;as, gr&#xE1;ficas, mapas ; </subfield>
    <subfield code="c">22 x 28 cm.</subfield>
  </datafield>
  <datafield tag="505" ind1="0" ind2=" ">
    <subfield code="a">Hecho a mano -- Sobre las capacidades y las oportunidades -- Sobre una red de liderazgos visibles -- &#xBF;Y qu&#xE9; sigue?</subfield>
  </datafield>
  <datafield tag="610" ind1="2" ind2="4">
    <subfield code="x">Actividades</subfield>
    <subfield code="9">13085</subfield>
  </datafield>
  <datafield tag="650" ind1="1" ind2="4">
    <subfield code="z">Colombia</subfield>
    <subfield code="9">13086</subfield>
  </datafield>
  <datafield tag="650" ind1="1" ind2="4">
    <subfield code="z">Colombia</subfield>
    <subfield code="9">13087</subfield>
  </datafield>
  <datafield tag="650" ind1="2" ind2="4">
    <subfield code="z">Colombia</subfield>
    <subfield code="9">13088</subfield>
  </datafield>
  <datafield tag="650" ind1="2" ind2="4">
    <subfield code="z">Colombia</subfield>
    <subfield code="9">13089</subfield>
  </datafield>
  <datafield tag="999" ind1=" " ind2=" ">
    <subfield code="c">7117</subfield>
    <subfield code="d">7117</subfield>
  </datafield>
  <datafield tag="952" ind1=" " ind2=" ">
    <subfield code="0">0</subfield>
    <subfield code="1">0</subfield>
    <subfield code="2">ddc</subfield>
    <subfield code="4">0</subfield>
    <subfield code="7">0</subfield>
    <subfield code="a">CPL</subfield>
    <subfield code="b">CPL</subfield>
    <subfield code="d">2021-02-05</subfield>
    <subfield code="o">303.4 /  C822s</subfield>
    <subfield code="p">201808374</subfield>
    <subfield code="r">2024-05-16 00:00:00</subfield>
    <subfield code="t">Ej.1</subfield>
    <subfield code="w">2021-02-05</subfield>
    <subfield code="y">BK</subfield>
  </datafield>
  <datafield tag="952" ind1=" " ind2=" ">
    <subfield code="0">0</subfield>
    <subfield code="1">0</subfield>
    <subfield code="2">ddc</subfield>
    <subfield code="4">0</subfield>
    <subfield code="7">0</subfield>
    <subfield code="a">CPL</subfield>
    <subfield code="b">CPL</subfield>
    <subfield code="d">2021-02-05</subfield>
    <subfield code="e">Donaci&#xF3;n</subfield>
    <subfield code="l">0</subfield>
    <subfield code="o">303.4 / C822s</subfield>
    <subfield code="p">201810617</subfield>
    <subfield code="r">2024-05-16 00:00:00</subfield>
    <subfield code="t">Ej.2</subfield>
    <subfield code="w">2021-02-05</subfield>
    <subfield code="y">BK</subfield>
  </datafield>
</record>
